00269nam a2200121Ia 4500008004100000100001600041245002200057260002300079300000900102650001200111942000700123999001700130190216s9999||||xx |||||||||||||| ||und|| aPanikkar Km 0aHistory Of Kerala bS Chand & Coc1987 a465p aHistory cBK c18629d18629